Gayest U.S. States - Statistics

General Stats
  • This quiz has been taken 308 times
  • The average score is 7 of 10
Answer Stats
Percent Gay State Gay Households % Correct
0.5% California 12,807,387
98%
0.56% Oregon 1,545,745
83%
0.6% Maine 551,109
81%
0.54% Vermont 257,107
79%
0.52% Hawaii 452,030
72%
0.5% Massachusetts 2,558,889
70%
0.58% Rhode Island 410,240
69%
0.54% Arizona 2,448,919
68%
0.54% New Mexico 762,551
62%
0.51% Delaware 348,051
55%
No matching quizzes found
Score Distribution
Percent of People with Each Score
Percentile by Number Answered
Your Score History
You have not taken this quiz